Del óptimo género de los oradores / (Record no. 99024)

MARC details
000 -LEADER
fixed length control field 00683nam a22001937a 4500
005 - DATE AND TIME OF LATEST TRANSACTION
control field 20150828112742.0
008 - FIXED-LENGTH DATA ELEMENTS--GENERAL INFORMATION
fixed length control field 150828b mx||||| |||| 00| 0 spa d
020 ## - INTERNATIONAL STANDARD BOOK NUMBER
International Standard Book Number 9789703249138
050 04 - LIBRARY OF CONGRESS CALL NUMBER
Classification number PA6315 .E8
Item number C53 2008
100 1# - MAIN ENTRY--PERSONAL NAME
Personal name Cicerón, Marco Tulio
245 14 - TITLE STATEMENT
Title Del óptimo género de los oradores /
Statement of responsibility, etc Marco Tulio Cicerón; introd., tr. y notas de Bulmaro Reyes Coria
250 ## - EDITION STATEMENT
Edition statement 1a ed.
260 ## - PUBLICATION, DISTRIBUTION, ETC. (IMPRINT)
Place of publication, distribution, etc México, D.F. :
Name of publisher, distributor, etc UNAM, Coordinacion de Humanidades, Programa Editorial,
Date of publication, distribution, etc 2008
300 ## - PHYSICAL DESCRIPTION
Extent lxxxvii, ;
Dimensions 21 cm.
500 ## - GENERAL NOTE
General note Traducción de: De optimo genere oratorum
650 #7 - SUBJECT ADDED ENTRY--TOPICAL TERM
Source of heading or term Lemb
Topical term or geographic name as entry element Retórica antigua
700 1# - ADDED ENTRY--PERSONAL NAME
Personal name Reyes Coria, Bulmaro,
Relator term ed.
942 ## - ADDED ENTRY ELEMENTS (KOHA)
Source of classification or shelving scheme Biblioteca del Cogreso de los Estados Unidos
Koha item type Libro
Holdings
Estado de pérdida Fuente de clasificación Estado del daño No para préstamo Ubicación permanente Ubicación actual Apartado o colección Fecha de adquisición Edición Área del conocimiento Clasificación Código de Barras Date last seen Número de copia Tipo de recurso
  Biblioteca del Cogreso de los Estados Unidos     Biblioteca de la Facultad de Filosofía Biblioteca de la Facultad de Filosofía General 28/08/2015 1a ed. Educación y Humanidades PA6315 .E8 C53 2008 BFF000012802 28/08/2015 1 Libro
  Biblioteca del Cogreso de los Estados Unidos     Biblioteca de la Facultad de Filosofía Biblioteca de la Facultad de Filosofía General 28/08/2015 1a ed Educación y Humanidades PA6315 .E8 C53 2008 BFF000012803 28/08/2015 2 Libro